| 000 | 01023nam a22002535i 4500 | ||
|---|---|---|---|
| 001 | 162384 | ||
| 003 | ES-MaACL | ||
| 005 | 20250803050545.0 | ||
| 008 | 940301s1884 sp |||| | spa d | ||
| 040 |
_aAS _bspa |
||
| 100 | 1 |
_aPolibio. _992820 |
|
| 245 | 1 | 0 |
_aHistoria universal durante la República Romana / _cescrita por Polibio Megalopolitano ; versión castellana de Ambrosio Rui Bamba, adicionada con todos los fragmentos descubiertos hasta ahora. |
| 260 |
_aMadrid : _bLuis Navarro, _c1884 ( _fImprenta Central y Estereotipia á cargo de V. Saiz) |
||
| 300 |
_a3 v.(434;438;518 p.) ; _c18 cm. |
||
| 490 | 1 |
_aBiblioteca clásica ; _v71, 72, 74 |
|
| 650 | 0 | 7 |
_aHistoria antigua _2embne _913385 |
| 651 | 4 |
_aRoma- _xHistoria- _y265-30 a.C., República. _99320 |
|
| 651 | 4 |
_aGrecia- _xHistoria. _98777 |
|
| 700 | 2 | 1 |
_aRui Bamba, Ambrosio, _etrad. _9132171 |
| 830 | 0 |
_aBiblioteca clásica ; _v71, 72, 74 _9180370 |
|
| 852 |
_aES-MaACL _jF-13230-32 _z-- Enc. tela |
||
| 999 |
_c162384 _d162384 |
||